Assessment of left atrial function in dogs with myxomatous mitral valve disease by biplane simpson’s method (Registro n. 327764)
[ somente texto ]
| 000 -LÍDER | |
|---|---|
| fixed length control field | 03589nab a2200325 i 4500 |
| 003 - CÓDIGO MARC DA AGÊNCIA CATALOGADORA | |
| Campo de controle | BR-BrBNA |
| 005 - DATA E HORA DA ÚLTIMA ATUALIZAÇÃO | |
| Campo de controle | 20240923133705.0 |
| 008 - CAMPO DE TAMANHO FIXO | |
| fixed length control field | 240923b2018 bl.|r|pooa||| 00| 0 eng | |
| 040 ## - FONTE DA CATALOGAÇÃO | |
| Agência catalogadora | BR-BrBNA |
| Idioma da catalogação | eng |
| 072 ## - CATEGORIA AGRIS | |
| Código AGRIS | L70 |
| Código do objeto | 5400 |
| 100 ## - ENTRADA PRINCIPAL - NOME PESSOAL | |
| Nome pessoal | Coelho, M.R. |
| 100 ## - ENTRADA PRINCIPAL - NOME PESSOAL | |
| Nome pessoal | Muzzi, R.A.L. |
| 100 ## - ENTRADA PRINCIPAL - NOME PESSOAL | |
| Nome pessoal | Abreu, C.B. |
| 100 ## - ENTRADA PRINCIPAL - NOME PESSOAL | |
| Nome pessoal | Schulien, T. |
| 100 ## - ENTRADA PRINCIPAL - NOME PESSOAL | |
| Nome pessoal | Muzzi, L.A.L. |
| 100 ## - ENTRADA PRINCIPAL - NOME PESSOAL | |
| Nome pessoal | Oliveira, L.E.D. |
| 100 ## - ENTRADA PRINCIPAL - NOME PESSOAL | |
| Nome pessoal | Cherem, M. |
| 245 ## - TÍTULO PRINCIPAL | |
| Título principal | Assessment of left atrial function in dogs with myxomatous mitral valve disease by biplane simpson’s method |
| 500 ## - NOTA GERAL | |
| Nota geral | <br/>Publicação online; 20 ref.; Summaries (En, Pt) |
| 942 ## - ADDED ENTRY ELEMENTS (KOHA) | |
| Koha item type | Analítica |
| 520 ## - NOTA DE RESUMO | |
| Nota de conteúdo | <br/><br/>ABSTRACT - The relationship between the diameter of the left atrium (LA) and aorta (Ao) is considered as a prognostic factor in chronic mitral valve disease. As the left atrium is a three-dimensional structure, methods based on measurement of the chamber volume can be more accurate than linear methods.The aim of this study was to assess the feasibility of measuring LA volume with 2D echocardiography using the biplane modified Simpson (SIMP) method in 33 dogs with various classes of myxomatous mitral valve disease (MMVD), as well as to present values of LA function using the atrial diastolic and systolic volume indices (ADVI and ASVI), cardiac index (ACI) and atrial ejection fraction (AEF). We observed agreement among the LA/Ao ratio and the atrial volume indices (ADVI and ASVI) and the ACI, suggesting that the values of the variables increase as the LA/Ao ratio increases due to atrial remodeling that accompanies MMVD progression. The data demonstrated a good assessment of atrial function, allowing a better understanding of LA's role in the pathophysiology of MMVD.<br/><br/><br/>Keywords: dogs, valvulopathy, 2D echocardiography, LA volume |
| 520 ## - NOTA DE RESUMO | |
| Nota de conteúdo | <br/><br/>RESUMO - A relação entre o diâmetro átrio esquerdo (AE) e da aorta (Ao) é considerada como fator prognóstico na doença crônica de valva mitral. Como o átrio esquerdo é uma estrutura tridimensional, os métodos baseados na mensuração de volume da câmara podem ser mais precisos que os métodos lineares. O objetivo deste estudo foi avaliar a viabilidade da mensuração do volume do AE com a ecocardiografia bidimensional, sendo usado o método Simpson biplanar em 33 cães com diversas classes da degeneração mixomatosa de valva mitral (DMVM), bem como apresentar valores de função do AE utilizando-se os índices de volumes atriais diastólico e sistólico (iVdA e iVsA), o índice cardíaco atrial (iCA) e a fração de ejeção atrial (FEA). Observou-se uma concordância entre a relação AE/Ao e os índices de volume atrial (iVdA e iVsA) e o iCA, o que sugere que os valores das variáveis aumentam à medida que a relação AE/Ao aumenta, devido à remodelação atrial que acompanha a progressão da DMVM. Os dados demonstram uma boa avaliação da função atrial e permitem uma melhor compreensão do papel do AE na fisiopatologia da DMVM.<br/><br/><br/>Palavras-chave: cão, valvulopatia, ecocardiografia bidimensional, volume atrial esquerdo |
| 650 ## - ASSUNTO - THESAGRO | |
| Cabeçalho tópico ou nome geográfico | CÃO |
| 650 ## - ASSUNTO - THESAGRO | |
| Cabeçalho tópico ou nome geográfico | APARELHO CIRCULATÓRIO |
| 650 ## - ASSUNTO - THESAGRO | |
| Cabeçalho tópico ou nome geográfico | ECOCARDIOGRAFIA |
| 650 ## - ASSUNTO - THESAGRO | |
| Cabeçalho tópico ou nome geográfico | VETERINÁRIA |
| 773 0# - ENTRADA ANALÍTICA | |
| Host Biblionumber | 1643 |
| Registro do item | 344677 |
| Imprenta | Belo Horizonte-MG Universidade Federal de Minas Gerais - Escola de Veterinaria 1983 |
| Outro identificador | 2024-5011 |
| Título | Arquivo Brasileiro de Medicina Veterinária e Zootecnia (Brazil) |
| ISSN | 0102-0935 |
| Colação | v. 70(5) p. 1349-1354; (2018) |
| Número de controle de registro | BR2024002515 |
| 856 ## - ACESSO E ENDEREÇO ELETRÔNICO | |
| Identificador uniforme de recurso - URI | https://www.scielo.br/j/abmvz/a/7zCT5Dm8hFn93HZyksT45KR/?format=pdf&lang=en |
Nenhum exemplar disponível.

BINAGRI